000 00425nam a22001697a 4500
005 20180323160021.0
008 160624b xxu||||| |||| 00| 0 eng d
020 _a978-81-7958-386-1
041 _aeng
082 _b9496
_a338.5024658
100 _aPaterson, H. Craig and others
_92632
245 _aManagerial Economics
260 _aDelhi
_bPearson Education
300 _a609
650 _aManagement
_9241
942 _cBK
999 _c3761
_d3760